[Event "SWE AM2001"]
[Site "Sweden"]
[Date "2001.??.??"]
[Round "14"]
[White "Heikkinen, Mikael"]
[Black "Ostberg, Peter"]
[Result "0-1"]
[WhiteElo "1486"]
[BlackElo "2266"]
[PlyCount "100"]
[EventDate "2001.??.??"]
[EventType "tourn"]
[EventRounds "15"]
[EventCountry "SWE"]
[SourceTitle "EXT 2003"]
[Source "ChessBase"]
[SourceDate "2002.11.25"]
[SourceVersion "1"]
[SourceVersionDate "2002.11.25"]
[SourceQuality "1"]

1. e4 c5 2. f4 e6 3. c3 Nf6 4. e5 Nd5 5. d4 d6 6. Nf3 cxd4 7. cxd4 Nc6 8. Nc3 dxe5 9. fxe5 Bb4 10. Qd3 b6 11. a3 Be7 12. Be2 Bb7 13. 0-0 Nxc3 14. bxc3 Rc8 15. Bd1 Na5 16. Ba4+ Bc6 17. Bxc6+ Rxc6 18. Nd2 Qd5 19. Rf3 Nc4 20. Ne4 h6 21. Rg3 Bf8 22. Rh3 Kd8 23. Qf3 Kc8 24. Ng5 Qxf3 25. gxf3 Rc7 26. f4 Rg8 27. Ne4 Be7 28. Kf1 Kb7 29. Ke2 Rgc8 30. Rg3 g6 31. Nd2 h5 32. Nxc4 Rxc4 33. Bb2 b5 34. Kd2 Kc6 35. a4 Rxa4 36. Rxa4 bxa4 37. Kc2 Kd5 38. Kd3 Rc4 39. Rg1 Rc7 40. Ra1 Rc4 41. Ba3 Bd8 42. Rb1 a6 43. Bc5 Ba5 44. Rc1 h4 45. h3 a3 46. Bxa3 Ra4 47. Bc5 Ra2 48. Rf1 Rg2 49. Rf3 Kc6 50. Kc4 Rg3 0-1

[Event "SWE AM2001"]
[Site "Sweden"]
[Date "2001.??.??"]
[Round "1"]
[White "Jonsson, Sverrir"]
[Black "Heikkinen, Mikael"]
[Result "1-0"]
[WhiteElo "1813"]
[BlackElo "1491"]
[PlyCount "49"]
[EventDate "2001.??.??"]
[EventType "tourn"]
[EventRounds "15"]
[EventCountry "SWE"]
[SourceTitle "EXT 2003"]
[Source "ChessBase"]
[SourceDate "2002.11.25"]
[SourceVersion "1"]
[SourceVersionDate "2002.11.25"]
[SourceQuality "1"]

1. e4 e5 2. Nf3 Nc6 3. c3 Bc5 4. d4 exd4 5. cxd4 Bb6 6. Bc4 h6 7. 0-0 Nf6 8. e5 Nh7 9. Nc3 0-0 10. Nd5 Na5 11. Bd3 c6 12. Bxh7+ Kxh7 13. Qc2+ Kh8 14. Bxh6 cxd5 15. Ng5 g6 16. Qd3 d6 17. Qg3 f6 18. exf6 Rxf6 19. Qh4 Kg8 20. Bg7 Kxg7 21. Qh7+ Kf8 22. Qh8+ Ke7 23. Qg7+ Ke8 24. Rae1+ Be6 25. Rxe6+ 1-0